Premsa comarcal i censura /
Descripción Física:
4 pàgs. ; il. b/n ; 29 cm
Colección:
Arrel : revista editada per la Diputació de Barcelona
; Núm. 1 (abril-juny, 1981) ; pàgs. 18-21
MARC
| LEADER | 00000nab a2200000 a 4500 | ||
|---|---|---|---|
| 001 | 8160 | ||
| 003 | Arxiu | ||
| 005 | 20260324195725.0 | ||
| 008 | 160829s9999 xx 000 0 cat d | ||
| 100 | |a Busquet, Joan |9 42600 | ||
| 245 | |a Premsa comarcal i censura / |c Joan Busquet | ||
| 260 | |a Barcelona : |b Diputació de Barcelona ; |c 1981 | ||
| 300 | |a 4 pàgs. ; |b il. b/n ; |c 29 cm | ||
| 490 | |a Arrel : revista editada per la Diputació de Barcelona ; |v Núm. 1 (abril-juny, 1981) ; pàgs. 18-21 |x 0211-562X | ||
| 650 | |a Premsa comarcal |x Catalunya |x Història |9 42629 | ||
| 650 | |a Premsa comarcal |x Catalunya |x Censura |9 21964 | ||
| 856 | 4 | |u https://media.diba.cat/diba/fitxers/arxiu/hemeroteca/arrel/8160/bib_8160_1981_1984_n01_a02_baixa.pdf |y Accés lliure | |
| 856 | 4 | |u https://media.diba.cat/diba/fitxers/arxiu/hemeroteca/arrel/8160/bib_8160_1981_1984_n01_a02_baixa.pdf |y bib_8160_1981_1984_n01_a02_baixa.pdf | |
| 901 | |a Arxiu | ||
| 942 | |n 1 |2 udc |c Articles de revista | ||
| 952 | |0 0 |1 0 |2 udc |4 0 |6 REV93 |7 1 |9 50936 |a Arxiu |b Arxiu |d 2016-12-01 |o Rev-93 |r 2016-12-01 00:00:00 |w 2016-12-01 |y ARXIU | ||
| 999 | |c 54779 |d 54779 | ||
| 900 | |a bib_8160_1981_1984_n01_a02_baixa.pdf | ||